| 000 | 00537nam a22001811 4500 | ||
|---|---|---|---|
| 001 | 114549 | ||
| 003 | ES-MaACL | ||
| 005 | 20230906190203.0 | ||
| 007 | t| | ||
| 008 | 070308s1907 ne ||||0| eng d | ||
| 016 | 7 | _zIND9600733794 | |
| 040 |
_aM-BN _bspa _cCDM |
||
| 100 | 1 |
_aQuesada y Miranda, Gonzalo de. _994574 |
|
| 245 | 1 | 0 |
_aArbitration in Latin America / _cby Gonzalo de Quesada y Miranda. |
| 260 |
_aRotterdam : _bM. Wyt & Lonen, _c1907. |
||
| 300 |
_aXII p., 2 h., 136 p., 1 h ; _c25 cm. |
||
| 852 |
_aES-MaACL _jT-1151-F-3 |
||
| 999 |
_c114549 _d114549 |
||